| 000 | 00948nmc a2200337 a 4500 | ||
|---|---|---|---|
| 003 | AR-BaBNM | ||
| 005 | 20251128202912.0 | ||
| 008 | 136019s1945 ||||||||||||||000 | spa|| | ||
| 040 | _cAR-BaBNM | ||
| 100 | 1 |
_aCrowther, James Gerald _d1899 |
|
| 245 | 1 | 0 |
_aT. Alva Edison., J. Henry _bhombres de ciencia norteamericanos del siglo XIX |
| 250 | _a1ª ed. | ||
| 260 |
_aBuenos Aires _bEspasa-Calpe _c1945 |
||
| 300 | 0 |
_a192 p. _bil. |
|
| 490 | 0 | _aAustral | |
| 504 | _aContiene bibliografía | ||
| 600 | 1 | 4 |
_aEdison, Thomas Alva _d1847-1931 |
| 600 | 1 | 4 |
_aHenry, Joseph _d1797-1878 |
| 650 | 4 | _aBIOGRAFIAS | |
| 650 | 4 | _aHISTORIA DE LAS CIENCIAS | |
| 650 | 4 | _aSIGLO DIECINUEVE | |
| 650 | 4 | _aHISTORIA | |
| 650 | 4 | _aINVESTIGACION CIENTIFICA | |
| 650 | 4 | _aINVENTOS | |
| 650 | 4 | _aINVESTIGADORES | |
| 651 | 4 | _aEstados Unidos | |
| 655 | _aBIOGRAFIAS | ||
| 700 | 1 |
_aNogués Acuña, Pastora S. _etraductor |
|
| 942 | _cBK | ||
| 998 | _cEnrique | ||
| 999 |
_c1124 _d1124 |
||